| 000 | 00602nam a2200217Ia 4500 | ||
|---|---|---|---|
| 003 | GCL | ||
| 008 | 140319s9999 xx 000 0 ara d | ||
| 040 |
_aGCL / _cGCL |
||
| 082 | 0 | 4 |
_a215 _bم ف |
| 100 | 1 | _aمحمد كامل حتة | |
| 245 | 1 | 0 |
_aفى ظلال الحرمين / _cمحمد كامل حتة |
| 260 |
_a[S.N] : _bدار المعارف ، _c1978 |
||
| 300 | _a447 ص | ||
| 490 | _a | ||
| 650 | 0 | 4 | _aالاسلام |
| 650 | 0 | 4 | _aمكة المكرمة |
| 650 | 0 | 4 | _aالحج |
| 650 | 0 | 4 | _aالاماكن المقدسة |
| 650 | 0 | 4 | _aالمدينة المنورة |
| 942 |
_2ddc _cBK |
||
| 999 |
_c29784 _d29784 |
||